01050 a2200217 4500003000500000005001700005010001600022020003300038035002100071035002000092040000900112082001400121100002300135245008200158260005000240300003400290505032800324650002000652856008600672856007400758Nust20221201093845.0 a 98086761 a0123550459 (acid-free paper) a(DLC) 98086761 a(OCoLC)41621688 cNust00a536.7,ABB1 a Abbott Michael M10a Schaum's OutLine of Theory and ProblemsbThermodynamics / cMichael M Abbott aSan Diego :b Schaum's Outline Seriesc1981. axii, 344 p. :bill. ;c26 cm. aFundamentals concepts and first Principles (Page-1), The Second law of thermodynamics (Page-33), Mathematical Formulations (Page-64), Properties of pure Substance (Page-96), Equations of State (Page-143), Thermodynamics of flow processes (Page-181), Chemical Thermodynamics (Page-232), Thermodynamics Analysis (Page-311). 0aThermodynamics.423Publisher descriptionuhttp://www.loc.gov/catdir/description/els033/98086761.html423Table of contentsuhttp://www.loc.gov/catdir/toc/els032/98086761.html